Kierowcy F1 którzy wygrali 5 wyścigów z rzędu - Statystyki

Ogólne statystyki
  • Ten quiz został rozwiązany 3 razy
  • Średni wynik to 8 z 10
Statystyki odpowiedzi
Najwyższa liczba
wygranych z rzędu
Sezon(y) Kierowca % Poprawnych
5 2026 Kimi Antonelli
100%
5 2014 Lewis Hamilton
100%
10 2023 Max Verstappen
100%
7 2004 Michael Schumacher
100%
7 2015-2016 Nico Rosberg
100%
9 2013 Sebastian Vettel
100%
9 1952-1953 Alberto Ascari
67%
5 1960 Jack Brabham
67%
5 1965 Jim Clark
33%
5 1992 Nigel Mansell
33%
Nie znaleziono quizów pasujących do podanych kryteriów
Rozkład punktacji
Procent ludzi z każdym wynikiem
Percentyl według liczby udzielonych odpowiedzi
Twoja historia wyników
Nie rozwiązałeś tego quizu